<?xml version="1.0" encoding="UTF-8"?>
<collection xmlns:xsi="http://www.w3.org/2001/XMLSchema-instance" xsi:schemaLocation="http://www.loc.gov/MARC21/slim http://www.loc.gov/standards/marcxml/schema/MARC21slim.xsd" xmlns="http://www.loc.gov/MARC21/slim">
 <record>
  <leader>00000cam a22000004a 4500</leader>
  <controlfield tag="001">UP-1685675941123908072</controlfield>
  <controlfield tag="003">Buklod</controlfield>
  <controlfield tag="005">20140801114246.0</controlfield>
  <controlfield tag="006">aa    rb   |||1 u|</controlfield>
  <controlfield tag="007">ta</controlfield>
  <controlfield tag="008">100716s2011    nyua    rb   |001 0|eng d</controlfield>
  <datafield tag="020" ind1=" " ind2=" ">
   <subfield code="a">9780071749275 (alk. paper)</subfield>
  </datafield>
  <datafield tag="020" ind1=" " ind2=" ">
   <subfield code="a">0071749276 (alk. paper)</subfield>
  </datafield>
  <datafield tag="035" ind1=" " ind2=" ">
   <subfield code="a">(iLib)UPTAC-00016515047</subfield>
  </datafield>
  <datafield tag="040" ind1=" " ind2=" ">
   <subfield code="a">DLC</subfield>
   <subfield code="c">DLC</subfield>
   <subfield code="d">UPVTC</subfield>
  </datafield>
  <datafield tag="041" ind1="0" ind2=" ">
   <subfield code="a">eng</subfield>
  </datafield>
  <datafield tag="090" ind1=" " ind2="0">
   <subfield code="a">HD 69 B7</subfield>
   <subfield code="b">M65 2011</subfield>
  </datafield>
  <datafield tag="100" ind1="1" ind2=" ">
   <subfield code="a">Moffitt, Sean</subfield>
  </datafield>
  <datafield tag="245" ind1="1" ind2="0">
   <subfield code="a">Wikibrands</subfield>
   <subfield code="b">reinventing your company in a customer-driven marketplace</subfield>
   <subfield code="c">Sean Moffitt and Mike Dover.</subfield>
  </datafield>
  <datafield tag="246" ind1="0" ind2="4">
   <subfield code="a">Wiki brands</subfield>
  </datafield>
  <datafield tag="264" ind1=" " ind2="1">
   <subfield code="a">New York</subfield>
   <subfield code="b">McGraw-Hill</subfield>
   <subfield code="c">c2011.</subfield>
  </datafield>
  <datafield tag="300" ind1=" " ind2=" ">
   <subfield code="a">xv, 318 p.</subfield>
   <subfield code="b">ill.</subfield>
   <subfield code="c">24 cm.</subfield>
  </datafield>
  <datafield tag="504" ind1=" " ind2=" ">
   <subfield code="a">Includes bibliographical references (p. 291-308) and index.</subfield>
  </datafield>
  <datafield tag="505" ind1="0" ind2=" ">
   <subfield code="a">The birth of wikibrands: from ownership, trust, want, preference, love, and now participation--a 150-year fascination -- The Wikibrand rallying cry: the new &quot;mad men&quot; -- A wikibrand road map: taking the high road and avoiding the potholes of a collaborative brand path -- The six benefits of wikibrands: marketing doesn't fit in tiny boxes anymore -- A wikibrand culture: changing your mind-set about the brand customer -- Focus: if I don't know where you're going, I don't want you getting there fast -- Language and content : business gets humanized and presses the &quot;awesome&quot; button -- Incentives, motivations, and outreach: brand fans do it for themselves, not for you -- Rules, guidelines and rituals: this is how we do things, and that's ok -- Tools and platforms: if you build it, they may come -- Community development: the life stages of a wikibrand community -- Internalizing community and channeling Tom Sawyer: the graying line between employee and enthusiast champions -- Community management: how to build a brand garden, not a ghost town -- Measurement and metrics: the imperfect science of monitoring wikibrand performance -- The personal wikibrand: your brand is what they say about you when you're not in the room --The future: brand participation comes alive in the company -- Reference guide: wikibrands extended.</subfield>
  </datafield>
  <datafield tag="520" ind1=" " ind2=" ">
   <subfield code="a">Sean Moffitt and Mike Dover show you how to take advantage of the exciting new models of business and technologies--and enthusiastic online communities--one click at a time. --from publisher description</subfield>
  </datafield>
  <datafield tag="591" ind1=" " ind2=" ">
   <subfield code="a">Tac-1979g, Tac-1980g donated by The Asia Foundation and MoneyGram Foundation. </subfield>
  </datafield>
  <datafield tag="650" ind1=" " ind2="0">
   <subfield code="a">Branding (Marketing)</subfield>
  </datafield>
  <datafield tag="650" ind1=" " ind2="0">
   <subfield code="a">Product management.</subfield>
  </datafield>
  <datafield tag="650" ind1=" " ind2="0">
   <subfield code="a">Internet marketing.</subfield>
  </datafield>
  <datafield tag="650" ind1=" " ind2="0">
   <subfield code="a">Wikis (Computer science)</subfield>
  </datafield>
  <datafield tag="700" ind1="1" ind2=" ">
   <subfield code="a">Dover, Mike.</subfield>
  </datafield>
  <datafield tag="905" ind1=" " ind2=" ">
   <subfield code="a">FO</subfield>
  </datafield>
  <datafield tag="852" ind1="0" ind2=" ">
   <subfield code="a">UPTAC</subfield>
   <subfield code="b">UPTAC</subfield>
   <subfield code="h">HD 69 B7</subfield>
   <subfield code="i">M65 2011</subfield>
  </datafield>
  <datafield tag="942" ind1=" " ind2=" ">
   <subfield code="a">Book</subfield>
  </datafield>
 </record>
</collection>
